[Event "SR 3. liga A2 2016/2017"]
[Site "?"]
[Date "2016.12.11"]
[Round "5.2"]
[White "Horak, Ivan"]
[Black "Nemsak, Denis"]
[Result "0-1"]
[WhiteElo "2025"]
[BlackElo "2051"]
[PlyCount "68"]
[EventDate "2016.??.??"]

1. e4 d5 2. exd5 Nf6 3. d4 Nxd5 4. c4 Nb6 5. Nc3 g6 6. Be3 Bg7 7. Be2 O-O 8.
Nf3 Nc6 9. Rc1 e5 10. d5 Ne7 11. O-O Nf5 12. Bc5 Re8 13. g4 Nd7 14. Ba3 Nd4 15.
Re1 Nf6 16. Nxd4 exd4 17. Nb5 Nxg4 18. Bxg4 Rxe1+ 19. Qxe1 Bxg4 20. Qe7 Qxe7
21. Bxe7 d3 22. Nxc7 d2 23. Rb1 Rc8 24. d6 Be5 25. c5 Rxc7 26. dxc7 Bxc7 27.
Bd6 Bd8 28. b4 d1=Q+ 29. Rxd1 Bxd1 30. Kg2 f5 31. f4 Kf7 32. Kf2 Ke6 33. Ke1
Ba4 34. Kd2 Kd5 0-1

[Event "SR 3. liga A2 2016/2017"]
[Site "?"]
[Date "2016.12.11"]
[Round "5.2"]
[White "Bincik, Pavol"]
[Black "Hirmajer, Jan"]
[Result "1/2-1/2"]
[WhiteElo "1938"]
[BlackElo "1934"]
[PlyCount "22"]
[EventDate "2016.??.??"]

1. d4 Nf6 2. c4 g6 3. Nc3 Bg7 4. e4 d6 5. f3 O-O 6. Be3 b6 7. Bd3 Na6 8. Qd2
Nb4 9. Bb1 Nc6 10. Bd3 Nb4 11. Bb1 Nc6 1/2-1/2

[Event "SR 3. liga A2 2016/2017"]
[Site "?"]
[Date "2016.12.11"]
[Round "5.2"]
[White "Sefcik, Marek St"]
[Black "Mihalik, Marek"]
[Result "1/2-1/2"]
[WhiteElo "2008"]
[BlackElo "2027"]
[PlyCount "23"]
[EventDate "2016.??.??"]

1. d4 Nf6 2. Nf3 e6 3. c3 d5 4. Bg5 Be7 5. Nbd2 O-O 6. e3 Nbd7 7. Bd3 c5 8. O-O
b6 9. Ne5 Bb7 10. f4 Ne4 11. Bxe7 Qxe7 12. Nxd7 1/2-1/2

[Event "SR 3. liga A2 2016/2017"]
[Site "?"]
[Date "2016.12.11"]
[Round "5.2"]
[White "Manak, Jozef"]
[Black "Chabada, Tomas St"]
[Result "0-1"]
[WhiteElo "1989"]
[BlackElo "1949"]
[PlyCount "88"]
[EventDate "2016.??.??"]

1. d4 d5 2. Bf4 Nf6 3. e3 c6 4. Nd2 Qb6 5. Rb1 Bf5 6. Ngf3 e6 7. Be2 Nbd7 8.
Nh4 Bg6 9. Nxg6 hxg6 10. h3 Be7 11. O-O O-O 12. c4 c5 13. dxc5 Nxc5 14. b4 Nce4
15. Nxe4 Nxe4 16. c5 Qc6 17. Rc1 Rfc8 18. f3 Nf6 19. a4 a6 20. Qb3 Qe8 21. a5
Nd7 22. Bg3 Bf6 23. Qa4 Nb8 24. Qxe8+ Rxe8 25. Bxb8 Rexb8 26. Bd1 d4 27. e4 d3
28. Ba4 Rd8 29. Rfd1 Rd4 30. c6 bxc6 31. Bxc6 Rb8 32. b5 axb5 33. a6 Rc4 34.
Bb7 Bd4+ 35. Kf1 Kf8 36. Rb1 Rc3 37. Rxb5 Ra3 38. f4 Rd8 39. e5 Be3 40. Be4 d2
41. g3 Rxa6 42. Ke2 Ra3 43. Rb2 Bd4 44. Rbxd2 Re3+ 0-1

[Event "SR 3. liga A2 2016/2017"]
[Site "?"]
[Date "2016.12.11"]
[Round "5.2"]
[White "Jakubec, Milan"]
[Black "Podjavorinsky, Michal"]
[Result "1-0"]
[WhiteElo "2041"]
[BlackElo "1862"]
[PlyCount "111"]
[EventDate "2016.??.??"]

1. e4 d5 2. exd5 Qxd5 3. Nc3 Qa5 4. d4 c6 5. Bc4 Nf6 6. h3 Nbd7 7. Nf3 Ne4 8.
Qd3 Ndf6 9. O-O Nxc3 10. Qxc3 Qxc3 11. bxc3 Bf5 12. Bb3 Ne4 13. Bb2 Bg6 14.
Rfe1 e6 15. Rad1 Be7 16. Ne5 Nf6 17. Nxg6 hxg6 18. c4 b5 19. cxb5 cxb5 20. d5
O-O-O 21. dxe6 fxe6 22. Bxe6+ Kc7 23. Bf7 Rxd1 24. Rxd1 g5 25. Be5+ Kc6 26. Be6
Bc5 27. Kf1 Rf8 28. f3 a5 29. Bf5 b4 30. g4 Rh8 31. Kg2 Re8 32. f4 gxf4 33.
Bxf4 Nd5 34. Bd7+ Kxd7 35. Rxd5+ Kc6 36. Re5 Rd8 37. Re1 Kb5 38. h4 a4 39. h5
Kc4 40. Re2 Kc3 41. g5 Bd4 42. h6 gxh6 43. gxh6 Rg8+ 44. Kf3 Bf6 45. Bd2+ Kxc2
46. Bxb4+ Kb1 47. a3 Bb2 48. h7 Rh8 49. Rh2 Be5 50. Rh3 Ka2 51. Ke4 Bf6 52. Kf5
Bb2 53. Kg6 Rc8 54. Be7 Rh8 55. Rh2 Kb3 56. Rxb2+ 1-0

[Event "SR 3. liga A2 2016/2017"]
[Site "?"]
[Date "2016.12.11"]
[Round "5.2"]
[White "Mihalik, Anton"]
[Black "Husek, Lubomir"]
[Result "1-0"]
[WhiteElo "1932"]
[BlackElo "1864"]
[PlyCount "141"]
[EventDate "2016.??.??"]

1. c4 e5 2. Nc3 Nc6 3. Nf3 g6 4. g3 Bg7 5. Bg2 f5 6. d3 Nf6 7. O-O O-O 8. Bg5
h6 9. Bd2 Kh7 10. Nd5 d6 11. Nxf6+ Qxf6 12. Bc3 Be6 13. e3 Rab8 14. Nd2 Qf7 15.
b4 a6 16. Qb3 Ne7 17. Qb2 g5 18. Rae1 Ng6 19. f4 Qd7 20. Rf2 c6 21. Ref1 Rbe8
22. Re1 Bg8 23. Qb1 d5 24. fxg5 hxg5 25. Nf3 Qd8 26. Bf1 g4 27. Nd2 d4 28. exd4
exd4 29. Bb2 Re3 30. Rfe2 Rfe8 31. Nb3 f4 32. gxf4 Nxf4 33. Rxe3 Rxe3 34. Rxe3
dxe3 35. Bxg7 Kxg7 36. Qb2+ Qf6 37. Qxf6+ Kxf6 38. Nc1 Ke5 39. a4 Bh7 40. b5
axb5 41. cxb5 cxb5 42. axb5 Bg8 43. Be2 Be6 44. Kf1 Kd4 45. Ke1 Ng2+ 46. Kd1
Nh4 47. Kc2 Nf3 48. h3 Ne1+ 49. Kd1 g3 50. Bg4 Bxg4+ 51. hxg4 Nxd3 52. Ne2+ Kc4
53. g5 Nf2+ 54. Ke1 Ne4 55. g6 g2 56. g7 Nf6 57. Ng1 Kd3 58. Nh3 Kd4 59. Ke2
Ke4 60. Ng1 Kf4 61. Kd3 b6 62. Ke2 Ke4 63. Nh3 Kd4 64. Kf3 Kd3 65. Nf4+ Kd2 66.
Nxg2 e2 67. Kf2 Ng8 68. Ne1 Nf6 69. Nf3+ Kd1 70. Ke3 Nd5+ 71. Kd4 1-0

[Event "SR 3. liga A2 2016/2017"]
[Site "?"]
[Date "2016.12.11"]
[Round "5.2"]
[White "Kovarik, Oto"]
[Black "Curidlo, Jan"]
[Result "0-1"]
[WhiteElo "1793"]
[BlackElo "1895"]
[PlyCount "92"]
[EventDate "2016.??.??"]

1. e4 c5 2. Nf3 a6 3. d4 cxd4 4. Nxd4 Nf6 5. Nc3 d6 6. Be2 e6 7. O-O Be7 8. Be3
O-O 9. h3 Qc7 10. Qd2 Nbd7 11. f4 b5 12. Bf3 Bb7 13. a3 Rac8 14. Rac1 Nb6 15.
Ra1 Nc4 16. Qc1 Nxb2 17. Qxb2 Qxc3 18. Qxc3 Rxc3 19. Bd2 Rc4 20. c3 Bxe4 21.
Be2 Rc7 22. a4 e5 23. fxe5 dxe5 24. Nf5 Bc5+ 25. Kh2 Bc6 26. axb5 axb5 27. Rfb1
Ne4 28. Be1 g6 29. Ng3 Nd6 30. Ra6 Kg7 31. Bd2 f5 32. Nf1 f4 33. Be1 e4 34. Rd1
Nc4 35. Rb1 Nd6 36. Rd1 Nf5 37. Rb1 Rb8 38. Raa1 Bd6 39. Kh1 f3 40. Bd1 Be5 41.
Rb4 Rd8 42. Kg1 Bd6 43. Rbb1 Bc5+ 44. Kh2 f2 45. Bd2 e3 46. Bc1 Rxd1 0-1

[Event "SR 3. liga A2 2016/2017"]
[Site "?"]
[Date "2016.12.11"]
[Round "5.2"]
[White "Slaba, Andrea"]
[Black "Vach, Jozef"]
[Result "1/2-1/2"]
[WhiteElo "1811"]
[BlackElo "1711"]
[PlyCount "160"]
[EventDate "2016.??.??"]

1. Nf3 Nf6 2. c4 c5 3. g3 Nc6 4. Bg2 g6 5. O-O Bg7 6. d4 cxd4 7. Nxd4 O-O 8. e3
a6 9. Nc3 Rb8 10. Qe2 Re8 11. Rd1 Qc7 12. b3 d6 13. Bb2 Bd7 14. Rac1 Rbc8 15.
Nf3 Qb8 16. e4 Bg4 17. h3 Bxf3 18. Bxf3 Nd7 19. Nd5 Bxb2 20. Qxb2 f6 21. Bg4
Rcd8 22. Bxd7 Rxd7 23. f4 Qd8 24. Qe2 e6 25. Nc3 e5 26. Qf2 Nd4 27. Nd5 Rf8 28.
Ne3 Qe8 29. f5 gxf5 30. Nxf5 Nxf5 31. Qxf5 Qe7 32. Kh2 Rc7 33. a4 a5 34. Rd5 b6
35. Rcd1 Rd8 36. Qf2 Rc6 37. Rb5 Rb8 38. Qe2 Kg7 39. g4 h6 40. Qd3 Qc7 41. Rd5
Rd8 42. h4 Qe7 43. Kh3 Kh7 44. Qf3 Kg7 45. Rf1 Qe6 46. Qf5 Qxf5 47. Rxf5 Kg6
48. h5+ Kg7 49. Rf1 Kf7 50. Kg3 Ke7 51. Kf3 Rg8 52. Rb5 Rb8 53. Ke3 Rc5 54. Rc1
Ke6 55. Rd1 Rxb5 56. axb5 Rc8 57. Ra1 Rc7 58. Kd3 Rg7 59. Rg1 Ra7 60. Kc3 Rg7
61. Kd3 Rg8 62. Ke3 Ra8 63. Ra1 Rc8 64. Ra4 Rc7 65. Ra2 Rc8 66. Kd3 Rg8 67. Rg2
Ra8 68. Kc3 Ra7 69. Rg1 Ra8 70. Kb2 Rg8 71. Ka3 Rg7 72. Rg3 Rg8 73. Kb2 Rg7 74.
Kc3 Rg8 75. Rg1 Rg7 76. Kd3 Rg8 77. Ke3 Rg7 78. Kf3 Rc7 79. Ra1 Rc8 80. Ra4 Rc7
1/2-1/2

[Event "SR 3. liga A2 2016/2017"]
[Site "?"]
[Date "2016.12.11"]
[Round "5.3"]
[White "Liptak, Tomas"]
[Black "Kalmar, Tamas"]
[Result "1/2-1/2"]
[WhiteElo "2224"]
[BlackElo "2066"]
[PlyCount "113"]
[EventDate "2016.??.??"]

1. e4 c6 2. d4 d5 3. e5 Bf5 4. Nf3 e6 5. Be2 Nd7 6. O-O h6 7. c3 Ne7 8. Be3 Bg4
9. h3 Bxf3 10. Bxf3 Nf5 11. Bd2 Qb6 12. Qb3 a6 13. Be2 h5 14. g3 Be7 15. Kg2
Qxb3 16. axb3 f6 17. exf6 gxf6 18. Bd3 Nd6 19. c4 f5 20. Bf4 Kf7 21. f3 Rag8
22. Nc3 Ne8 23. Rad1 Rg7 24. Kf2 Rhg8 25. Ne2 Nf8 26. Rc1 Ng6 27. Bh6 Rh7 28.
Bd2 Bd6 29. Rc2 Rhh8 30. Re1 Nf6 31. Bg5 Nh7 32. Bc1 Nf6 33. Rg1 Rg7 34. Bg5
Ne7 35. h4 Rhg8 36. Nf4 Rh8 37. Re2 Bxf4 38. Bxf4 Ng6 39. Bg5 Re8 40. Rge1 Rgg8
41. Bd2 Rh8 42. Kg2 Rhg8 43. Kh3 Rh8 44. Bc2 Re7 45. Bg5 Ree8 46. Rf2 Kg7 47.
Rg2 Nh7 48. Bd2 Nf6 49. Rge2 Kf7 50. Bd3 Re7 51. Bb4 Ree8 52. Bd6 Rhg8 53. Rc2
Ne7 54. Bf4 Ng6 55. Bg5 Rc8 56. Rce2 Rce8 57. Rc2 1/2-1/2

[Event "SR 3. liga A2 2016/2017"]
[Site "?"]
[Date "2016.12.11"]
[Round "5.3"]
[White "Ivan, Imrich Ml"]
[Black "Liptak, Dusan"]
[Result "1-0"]
[WhiteElo "1999"]
[BlackElo "2133"]
[PlyCount "57"]
[EventDate "2016.??.??"]

1. Nf3 f5 2. g3 Nf6 3. Bg2 g6 4. O-O Bg7 5. c4 d6 6. d4 O-O 7. Nc3 Nc6 8. d5
Ne5 9. Nxe5 dxe5 10. e4 e6 11. Bg5 h6 12. Bxf6 Qxf6 13. f3 Rd8 14. Qb3 Kh8 15.
Rae1 exd5 16. Nxd5 Qf7 17. f4 c6 18. Ne3 exf4 19. Rxf4 Rd2 20. exf5 gxf5 21. g4
Be5 22. Rff1 f4 23. Nf5 Rxb2 24. Qh3 Qf6 25. Rxe5 Qxe5 26. Qxh6+ Kg8 27. Qg5+
Kh7 28. Rf3 Bxf5 29. Rh3# 1-0

[Event "SR 3. liga A2 2016/2017"]
[Site "?"]
[Date "2016.12.11"]
[Round "5.3"]
[White "Kovacocy, Pavel"]
[Black "Meszaros, Lorant"]
[Result "1/2-1/2"]
[WhiteElo "2221"]
[BlackElo "2014"]
[PlyCount "117"]
[EventDate "2016.??.??"]

1. e4 e5 2. Nf3 Nc6 3. Bc4 Bc5 4. c3 Qe7 5. O-O d6 6. d4 Bb6 7. a4 a6 8. dxe5
dxe5 9. Ng5 Nd8 10. a5 Ba7 11. h3 h6 12. Nf3 Nf6 13. Qe2 O-O 14. b3 Be6 15. Ba3
Bxc4 16. Qxc4 c5 17. Nbd2 Nc6 18. Bb2 Rad8 19. Qe2 Nh5 20. g3 c4 21. Kg2 cxb3
22. Nxb3 Qe6 23. Nfd2 Nf6 24. Ba3 Rfe8 25. Nc5 Bxc5 26. Bxc5 Nd7 27. Be3 f5 28.
Rfb1 f4 29. gxf4 exf4 30. Bxf4 Nc5 31. f3 Nd3 32. Be3 Rd7 33. Rg1 Rf8 34. Raf1
Nf4+ 35. Bxf4 Rxf4 36. Nc4 Ne5 37. Nxe5 Qxe5 38. Qc4+ Kh7 39. Rd1 Rdf7 40. Rd5
Qe6 41. Rc5 Qxc4 42. Rxc4 Rxf3 43. Re1 Rf2+ 44. Kg1 Ra2 45. e5 Rxa5 46. e6 Rg5+
47. Kh2 Re7 48. h4 Rg6 49. Rce4 h5 50. Re5 Kh6 51. R1e4 Rf6 52. Kg2 g6 53. Kg3
Kg7 54. c4 Rf5 55. Rd5 Kf6 56. Rd6 Re5 57. Rf4+ Rf5 58. Re4 Re5 59. Rf4+
1/2-1/2

[Event "SR 3. liga A2 2016/2017"]
[Site "?"]
[Date "2016.12.11"]
[Round "5.3"]
[White "Csefalvay, Stefan"]
[Black "Cechovic, Stefan"]
[Result "0-1"]
[WhiteElo "1818"]
[BlackElo "2126"]
[PlyCount "150"]
[EventDate "2016.??.??"]

1. c4 e5 2. Nc3 Nc6 3. g3 f5 4. Bg2 Nf6 5. d3 d6 6. Nf3 Be7 7. Nd5 O-O 8. O-O
Bd7 9. Bd2 Be8 10. Bc3 h6 11. Nxe7+ Qxe7 12. e3 Rb8 13. a4 Nh7 14. Rc1 Nd8 15.
d4 e4 16. Nd2 Ne6 17. Nb3 Bxa4 18. Ra1 Qe8 19. Ra3 a6 20. d5 Bxb3 21. Rxb3 Nc5
22. Qd4 Nf6 23. Ra3 Qh5 24. Qd2 Rbe8 25. Bxf6 Rxf6 26. Qd1 Qf7 27. Qe2 Nd3 28.
Rc3 g5 29. f3 Nc5 30. b4 Nd7 31. fxe4 fxe4 32. Rxf6 Qxf6 33. Rc1 Qg6 34. Bh3
Ne5 35. Bg2 Rf8 36. Rf1 Rxf1+ 37. Qxf1 g4 38. Qf4 Nf3+ 39. Kf2 Kg7 40. h3 h5
41. Bf1 Ne5 42. h4 Qf6 43. Be2 Ng6 44. Qxf6+ Kxf6 45. Ke1 Ne7 46. Bf1 Ke5 47.
Be2 b6 48. Bd1 b5 49. Be2 bxc4 50. Bxc4 Nxd5 51. Kd2 Nxb4 52. Bf7 Nd5 53. Bxh5
Nf6 54. Bf7 Nd7 55. Bh5 Kf5 56. Be8 Ne5 57. Ba4 c5 58. Kc3 d5 59. Bb3 Ke6 60.
h5 Nf7 61. Bd1 Nh6 62. Be2 a5 63. Bd1 Ke5 64. Ba4 d4+ 65. exd4+ cxd4+ 66. Kd2
d3 67. Bd7 Kd4 68. Ba4 e3+ 69. Ke1 d2+ 70. Ke2 Nf5 71. Kd1 Nxg3 72. h6 Kc3 73.
Bb5 e2+ 74. Bxe2 Nxe2 75. h7 Kd3 0-1

[Event "SR 3. liga A2 2016/2017"]
[Site "?"]
[Date "2016.12.11"]
[Round "5.3"]
[White "Sarmir, Milos"]
[Black "Both, Lajos"]
[Result "1-0"]
[WhiteElo "2028"]
[BlackElo "1794"]
[PlyCount "83"]
[EventDate "2016.??.??"]

1. e4 c5 2. Nf3 Nc6 3. d4 cxd4 4. Nxd4 Nf6 5. Nxc6 bxc6 6. Bd3 e5 7. O-O Bc5 8.
Bg5 h6 9. Bh4 O-O 10. Nd2 d5 11. Kh1 Qd6 12. Qe2 Bg4 13. f3 Bd7 14. f4 Ng4 15.
f5 Nf6 16. g4 Nh7 17. Rf3 f6 18. Bf2 Ng5 19. Rg3 Bxf2 20. Qxf2 Qb4 21. h4 Nxe4
22. Nxe4 dxe4 23. c3 Qb6 24. Bc4+ Kh8 25. Qe2 c5 26. g5 fxg5 27. hxg5 Bxf5 28.
gxh6 Qxh6+ 29. Kg2 Bh7 30. Rh1 Qf6 31. Rxh7+ Kxh7 32. Qh5+ Qh6 33. Qg4 Qd2+ 34.
Be2 g5 35. Qh5+ Kg7 36. Rxg5+ Kf6 37. Qh6+ Ke7 38. Rxe5+ Kf7 39. Qh7+ Kf6 40.
Qf5+ Kg7 41. Re7+ Kh6 42. Qh5# 1-0

[Event "SR 3. liga A2 2016/2017"]
[Site "?"]
[Date "2016.12.11"]
[Round "5.3"]
[White "Sarkozi, Szabolcs"]
[Black "Vagovsky, Jozef"]
[Result "1/2-1/2"]
[WhiteElo "1580"]
[BlackElo "1854"]
[PlyCount "137"]
[EventDate "2016.??.??"]

1. e4 c6 2. d4 d5 3. Nd2 dxe4 4. Nxe4 Bf5 5. Ng3 Bg6 6. Nf3 Nd7 7. Bd3 Ngf6 8.
O-O e6 9. Re1 Be7 10. a3 O-O 11. c4 Re8 12. Qc2 Bxd3 13. Qxd3 c5 14. Bf4 cxd4
15. Nxd4 Nf8 16. Rad1 Ng6 17. Be3 a6 18. b4 Qc7 19. Qb3 Bf8 20. f3 Bd6 21. Bf2
Rad8 22. c5 Bf4 23. Nde2 Bd2 24. Rf1 Qe5 25. Qc2 Be3 26. Rd3 Bxf2+ 27. Kxf2
Rxd3 28. Qxd3 Qd5 29. Rd1 Rd8 30. Qd4 Ne7 31. a4 Nc6 32. Qxd5 Rxd5 33. Rxd5
Nxd5 34. b5 Ne5 35. bxa6 bxa6 36. Nc1 Kf8 37. Ne4 Ke7 38. a5 Nc4 39. Nb3 f5 40.
Ned2 Ne5 41. g3 g5 42. Nf1 Kd7 43. Ne3 Nc3 44. f4 Nd3+ 45. Kf3 g4+ 46. Kg2 Ne4
47. Nc4 Nexc5 48. Ne5+ Kc7 49. Nxc5 Nxc5 50. h3 h5 51. h4 Nb3 52. Nc4 Kc6 53.
Kf2 Kc5 54. Ne5 Kb5 55. Nd7 Nc5 56. Nf6 Ne4+ 57. Nxe4 fxe4 58. Ke3 Kxa5 59.
Kxe4 Kb5 60. Ke5 a5 61. Kxe6 a4 62. f5 a3 63. f6 a2 64. f7 a1=Q 65. f8=Q Qe1+
66. Kd5 Qxg3 67. Qc5+ Ka4 68. Qc4+ Ka3 69. Qc1+ 1/2-1/2

[Event "SR 3. liga A2 2016/2017"]
[Site "?"]
[Date "2016.12.11"]
[Round "5.3"]
[White "Hornak, Pavol"]
[Black "Gyurkovics, Gergely"]
[Result "1-0"]
[WhiteElo "1793"]
[BlackElo "1561"]
[PlyCount "55"]
[EventDate "2016.??.??"]

1. d4 d5 2. c4 Nf6 3. Nf3 Bf5 4. Nc3 e6 5. e3 c5 6. cxd5 Nxd5 7. Bb5+ Nd7 8.
O-O a6 9. Be2 N7f6 10. Nxd5 Nxd5 11. Bd2 cxd4 12. Nxd4 Bg6 13. Qb3 b6 14. Rfd1
Qd7 15. Rac1 Bc5 16. Nf3 f6 17. Nh4 Bf7 18. Qd3 Qa4 19. e4 Ne7 20. a3 Qd4 21.
Qg3 g5 22. Bc3 gxh4 23. Qxh4 Qxf2+ 24. Qxf2 Bxf2+ 25. Kxf2 Rf8 26. Bb4 Rg8 27.
Rc7 Ng6 28. Bxa6 1-0

[Event "SR 3. liga A2 2016/2017"]
[Site "?"]
[Date "2016.12.11"]
[Round "5.4"]
[White "Bisco, Igor"]
[Black "Straka, Jozef Ml"]
[Result "1/2-1/2"]
[WhiteElo "2108"]
[BlackElo "2277"]
[PlyCount "37"]
[EventDate "2016.??.??"]

1. e4 c5 2. Nf3 Nc6 3. d4 cxd4 4. Nxd4 e5 5. Nb5 a6 6. N5c3 Nf6 7. Bg5 Bc5 8.
Qd2 d6 9. Bxf6 gxf6 10. Nd5 Be6 11. Nbc3 Nb4 12. Bc4 Rc8 13. Bb3 Nxd5 14. Nxd5
Rg8 15. g3 f5 16. exf5 Bxf5 17. O-O-O Be4 18. f3 Bf5 19. Kb1 1/2-1/2

[Event "SR 3. liga A2 2016/2017"]
[Site "?"]
[Date "2016.12.11"]
[Round "5.4"]
[White "Sosovicka, Juraj"]
[Black "Malar, Pavol"]
[Result "1-0"]
[WhiteElo "2187"]
[BlackElo "2094"]
[PlyCount "69"]
[EventDate "2016.??.??"]

1. b3 e6 2. Bb2 f5 3. c4 Nf6 4. g3 Be7 5. Bg2 O-O 6. Nf3 Nc6 7. O-O d6 8. d4
Qe8 9. Nc3 Qh5 10. d5 Nd8 11. dxe6 Nxe6 12. Nd5 Bd8 13. e3 Ne4 14. Nd4 Qxd1 15.
Rfxd1 N6c5 16. Rac1 a5 17. Ba1 g5 18. f3 Nf6 19. Nb5 Ne8 20. Ndc3 Be6 21. Rd2
f4 22. exf4 gxf4 23. Re1 Bd7 24. Ne4 Nxe4 25. Rxe4 Bxb5 26. cxb5 fxg3 27. hxg3
Nf6 28. Rc4 Rf7 29. f4 Rb8 30. Bf3 Kf8 31. Bc3 b6 32. Re2 Nd7 33. Bc6 Bf6 34.
Bxd7 Bxc3 35. Be6 1-0

[Event "SR 3. liga A2 2016/2017"]
[Site "?"]
[Date "2016.12.11"]
[Round "5.4"]
[White "Gajarsky, Roman"]
[Black "Pribila, Gerhard"]
[Result "0-1"]
[WhiteElo "1756"]
[BlackElo "2128"]
[PlyCount "60"]
[EventDate "2016.??.??"]

1. e4 c5 2. c4 Nc6 3. f4 d6 4. Nc3 g6 5. d3 Bg7 6. Be3 Nf6 7. Nge2 O-O 8. h3 a6
9. a4 Qa5 10. Qd2 Qd8 11. g4 Nd7 12. Bg2 Nd4 13. Ra3 Rb8 14. O-O e6 15. Ng3 b5
16. axb5 axb5 17. Ra2 bxc4 18. dxc4 Rb3 19. Kh2 Nb6 20. Bxd4 cxd4 21. Qd1 Rb4
22. Nce2 Nxc4 23. Rf3 f5 24. exf5 exf5 25. gxf5 Ne3 26. Qd2 Qb6 27. Qd3 Nxg2
28. Kxg2 Rxb2 29. Rxb2 Qxb2 30. fxg6 hxg6 0-1

[Event "SR 3. liga A2 2016/2017"]
[Site "?"]
[Date "2016.12.11"]
[Round "5.4"]
[White "Ambros, Rafael"]
[Black "Barca, Michal"]
[Result "1-0"]
[WhiteElo "1985"]
[BlackElo "1769"]
[PlyCount "111"]
[EventDate "2016.??.??"]

1. e4 d5 2. exd5 Qxd5 3. Nc3 Qd6 4. d4 Nf6 5. Nf3 g6 6. Bc4 Bg7 7. Ne5 O-O 8.
Nb5 Qd8 9. h4 c6 10. Nc3 Nbd7 11. Nxd7 Bxd7 12. Bg5 b5 13. Bb3 a5 14. a4 b4 15.
Ne2 Ne4 16. Bf4 Rc8 17. f3 Nd6 18. h5 Be6 19. Bxe6 fxe6 20. hxg6 hxg6 21. Qd3
Kf7 22. O-O-O Rh8 23. g4 Qb6 24. b3 Rxh1 25. Rxh1 c5 26. d5 e5 27. Be3 Qc7 28.
Rh7 c4 29. bxc4 Qxc4 30. Qxc4 Rxc4 31. Kb1 Kg8 32. Rh1 Nb7 33. Bb6 b3 34. cxb3
Rb4 35. Bc7 Rxb3+ 36. Kc2 Rxf3 37. Rb1 Nd6 38. Rb8+ Kf7 39. Ra8 Ra3 40. Nc3 e4
41. Nb5 Rxa4 42. Nxd6+ exd6 43. Bb6 Kf6 44. Bxa5 Kf7 45. Kb3 Ra1 46. Ra7+ Kg8
47. Rxg7+ Kxg7 48. Bc3+ Kh6 49. Bxa1 Kg5 50. Kc4 Kxg4 51. Bc3 Kf3 52. Bb4 g5
53. Bxd6 g4 54. Be5 e3 55. Kd3 e2 56. Kd2 1-0

[Event "SR 3. liga A2 2016/2017"]
[Site "?"]
[Date "2016.12.11"]
[Round "5.4"]
[White "Janas, Peter"]
[Black "Brunovsky, Peter"]
[Result "0-1"]
[WhiteElo "1711"]
[BlackElo "1818"]
[PlyCount "134"]
[EventDate "2016.??.??"]

1. d4 Nf6 2. c4 c5 3. e3 g6 4. Nf3 Bg7 5. Nc3 O-O 6. Be2 Na6 7. O-O d6 8. a3 b6
9. Nb5 Bd7 10. Qc2 Bc6 11. Rd1 Qc8 12. d5 Bxb5 13. cxb5 Nc7 14. Bc4 a6 15. bxa6
b5 16. Bf1 Nfxd5 17. Bxb5 Nxe3 18. Bxe3 Nxb5 19. Qe4 Re8 20. a4 Nc7 21. Rab1
Qxa6 22. b3 Ne6 23. Qc2 Reb8 24. Bc1 c4 25. bxc4 Rxb1 26. Qxb1 Qxa4 27. Be3
Qxc4 28. h3 Qa4 29. Rc1 h6 30. Qb7 Qe8 31. Kh2 Kh7 32. g3 Bf6 33. Rb1 Qc8 34.
Qb3 Kg7 35. Nd2 Nc5 36. Qb5 Ra1 37. Rxa1 Bxa1 38. Qc4 Bf6 39. Ne4 Qe6 40. Qxe6
Nxe6 41. f4 d5 42. Nf2 Bd4 43. Nd1 Bxe3 44. Nxe3 Nc7 45. Nc2 Nb5 46. Kg2 Kf6
47. Kf3 h5 48. Ne1 Ke6 49. Nd3 f6 50. Ke3 Kd6 51. g4 hxg4 52. hxg4 e5 53. fxe5+
fxe5 54. Nf2 Ke6 55. Nd3 Nc3 56. Nf2 Ne4 57. Nh3 Kf6 58. Kd3 Ke6 59. Ke3 Kd6
60. Kd3 Kc5 61. Ke3 Kc4 62. Ng1 Nf6 63. g5 d4+ 64. Kf3 Nh7 65. Ke4 d3 66. Ke3
Nxg5 67. Kd2 e4 0-1

[Event "SR 3. liga A2 2016/2017"]
[Site "?"]
[Date "2016.12.11"]
[Round "5.4"]
[White "Kubis, Ivan"]
[Black "Tupy, Bystrik"]
[Result "0-1"]
[WhiteElo "1938"]
[BlackElo "1705"]
[PlyCount "72"]
[EventDate "2016.??.??"]

1. e4 e5 2. Nf3 Nc6 3. Bb5 a6 4. Ba4 Nf6 5. O-O d6 6. c3 Bd7 7. Re1 h6 8. h3
Ne7 9. Bc2 Ng6 10. d4 Qc8 11. Nbd2 Be7 12. Nf1 O-O 13. Ng3 Nh7 14. Be3 Bh4 15.
Nf5 Bf6 16. Qd2 Qd8 17. Rad1 exd4 18. cxd4 Nh4 19. N3xh4 Bxh4 20. e5 d5 21.
Bxh6 Bxf5 22. Bxf5 Bxf2+ 23. Qxf2 gxh6 24. e6 fxe6 25. Bxe6+ Kh8 26. Qg3 c6 27.
Re5 Ng5 28. Bf5 Qf6 29. Bb1 Rg8 30. Rf5 Qe7 31. Kh1 Raf8 32. Rdf1 Ne4 33. Bxe4
Rxf5 34. Qxg8+ Kxg8 35. Bxf5 Qe2 36. Rf3 Qxb2 0-1

[Event "SR 3. liga A2 2016/2017"]
[Site "?"]
[Date "2016.12.11"]
[Round "5.4"]
[White "Tupy, Emil"]
[Black "Zajicek, Ferdinand"]
[Result "0-1"]
[WhiteElo "1682"]
[BlackElo "1775"]
[PlyCount "90"]
[EventDate "2016.??.??"]

1. c4 c5 2. Nc3 Nc6 3. g3 d6 4. Bg2 Nf6 5. Nf3 g6 6. O-O Bg7 7. d3 O-O 8. Bf4
Be6 9. Qd2 Qd7 10. Rad1 Bh3 11. Bh6 Bxg2 12. Kxg2 Qf5 13. Bxg7 Kxg7 14. e4 Qh5
15. h3 h6 16. Nd5 g5 17. Nxf6 exf6 18. g4 Qg6 19. Nh2 Rh8 20. f4 h5 21. f5 Qh7
22. Rf3 Ne5 23. Re3 hxg4 24. Rh1 gxh3+ 25. Kg1 Qh4 26. Qf2 Qxf2+ 27. Kxf2 Rh4
28. Rg3 Rf4+ 29. Ke3 Rh8 30. b3 Rhh4 31. Nf3 Nxf3 32. Rxf3 Rxf3+ 33. Kxf3 Kh6
34. Kg3 Kh5 35. Rxh3 Rxh3+ 36. Kxh3 g4+ 37. Kg3 Kg5 38. a3 a5 39. a4 b6 40. Kf2
Kf4 41. Ke2 g3 42. Kf1 Ke3 43. Kg2 Kxd3 44. Kxg3 Kxe4 45. Kg4 Ke5 0-1

[Event "SR 3. liga A2 2016/2017"]
[Site "?"]
[Date "2016.12.11"]
[Round "5.4"]
[White "Papanek, Lubomir"]
[Black "Jancicka, Viliam"]
[Result "0-1"]
[WhiteElo "1655"]
[BlackElo "1637"]
[PlyCount "42"]
[EventDate "2016.??.??"]

1. e4 c5 2. Nf3 Nc6 3. d4 d6 4. Nc3 Bd7 5. dxc5 dxc5 6. Bb5 e6 7. O-O Qc7 8.
Re1 Nge7 9. Bg5 f6 10. Be3 Ng6 11. Qe2 a6 12. Nd5 exd5 13. exd5 Nce5 14. Bxd7+
Qxd7 15. Nxe5 fxe5 16. f4 Bd6 17. Qh5 O-O 18. fxe5 Nxe5 19. Bxc5 Bxc5+ 20. Kh1
Rf5 21. Qh3 Raf8 0-1

[Event "SR 3. liga A2 2016/2017"]
[Site "?"]
[Date "2016.12.11"]
[Round "5.5"]
[White "Takacs, Laszlo"]
[Black "Kolenak, Matus"]
[Result "1/2-1/2"]
[WhiteElo "2185"]
[BlackElo "1974"]
[PlyCount "45"]
[EventDate "2016.??.??"]

1. e4 g6 2. d4 Bg7 3. f4 b6 4. Nf3 Bb7 5. Bd3 e6 6. c3 Ne7 7. O-O d5 8. Nbd2
Nd7 9. exd5 Nxd5 10. Nc4 O-O 11. Qe2 N7f6 12. Nce5 c5 13. dxc5 bxc5 14. Bd2 Qc7
15. Rad1 Rad8 16. c4 Nb4 17. Bb1 Nd7 18. Nxd7 Bxf3 19. Qxf3 Rxd7 20. Bxb4 cxb4
21. Rxd7 Qxd7 22. Rd1 Qc7 23. b3 1/2-1/2

[Event "SR 3. liga A2 2016/2017"]
[Site "?"]
[Date "2016.12.11"]
[Round "5.5"]
[White "Sturdik, Igor"]
[Black "Cibulka, Vladimir"]
[Result "0-1"]
[WhiteElo "1983"]
[BlackElo "2187"]
[PlyCount "76"]
[EventDate "2016.??.??"]

1. e4 e6 2. d4 d5 3. Nc3 Nc6 4. Nf3 Nf6 5. Bg5 Be7 6. e5 Ne4 7. Bxe7 Qxe7 8.
Bd3 Qb4 9. Bxe4 dxe4 10. a3 Qxb2 11. Nxe4 b6 12. O-O Ba6 13. Qc1 Qxc1 14. Rfxc1
Rd8 15. c3 Ke7 16. Nfd2 Rd7 17. f4 Na5 18. Kf2 Bb7 19. Rab1 Rhd8 20. Ke3 f5 21.
exf6+ gxf6 22. g4 h6 23. h4 f5 24. gxf5 exf5 25. Ng3 Kf6 26. Nf3 Nc4+ 27. Kd3
Bxf3 28. Kxc4 Rg8 29. Nf1 Rg4 30. Re1 Rxf4 31. Re5 c5 32. Rbe1 cxd4 33. cxd4
Rfxd4+ 34. Kc3 Rd3+ 35. Kb2 Be4 36. Re8 Rd8 37. Rxd8 Rxd8 38. Ng3 Ke5 0-1

[Event "SR 3. liga A2 2016/2017"]
[Site "?"]
[Date "2016.12.11"]
[Round "5.5"]
[White "Merva, Frantisek"]
[Black "Mosny, Jaroslav"]
[Result "0-1"]
[WhiteElo "2121"]
[BlackElo "1949"]
[PlyCount "58"]
[EventDate "2016.??.??"]

1. e4 e5 2. Nf3 d6 3. d4 exd4 4. Nxd4 g6 5. Nc3 Bg7 6. Be3 Nf6 7. f3 O-O 8. Qd2
Nc6 9. O-O-O Nxd4 10. Bxd4 Be6 11. g4 c5 12. Be3 Qa5 13. Kb1 b5 14. Nd5 Qa4 15.
Nc3 Qa5 16. Bh6 Bxh6 17. Qxh6 b4 18. Nd5 Bxd5 19. exd5 c4 20. Bxc4 Qc5 21. b3
Rae8 22. g5 Nh5 23. f4 Nxf4 24. Rhe1 Ng2 25. Rxe8 Rxe8 26. Qh3 Ne3 27. Re1 Re7
28. Qf3 Qd4 29. Qf6 Nxc4 0-1